Guide to the city of Baltimore. (Record no. 52581)
[ view plain ]
| 000 -LEADER | |
|---|---|
| fixed length control field | 00691cam a22002291 4500 |
| 001 - CONTROL NUMBER | |
| control field | rc 01003461 |
| 003 - CONTROL NUMBER IDENTIFIER | |
| control field | DLC |
| 005 - DATE AND TIME OF LATEST TRANSACTION | |
| control field | 20260227111910.0 |
| 007 - PHYSICAL DESCRIPTION FIXED FIELD--GENERAL INFORMATION | |
| fixed length control field | cr_||||||||||| |
| 008 - FIXED-LENGTH DATA ELEMENTS--GENERAL INFORMATION | |
| fixed length control field | 790618s1893 xx 000 0 eng |
| 010 ## - LIBRARY OF CONGRESS CONTROL NUMBER | |
| LC control number | rc 01003461 |
| 035 ## - SYSTEM CONTROL NUMBER | |
| System control number | (OCoLC)5078323 |
| 040 ## - CATALOGING SOURCE | |
| Original cataloging agency | DLC |
| Transcribing agency | OCl |
| Modifying agency | DLC |
| 042 ## - AUTHENTICATION CODE | |
| Authentication code | premarc |
| 050 00 - LIBRARY OF CONGRESS CALL NUMBER | |
| Classification number | F189.B1 |
| Item number | H7 |
| 100 1# - MAIN ENTRY--PERSONAL NAME | |
| Personal name | Hollander, Jacob Harry, |
| Dates associated with a name | 1871-1940. |
| 245 00 - TITLE STATEMENT | |
| Title | Guide to the city of Baltimore. |
| 260 ## - PUBLICATION, DISTRIBUTION, ETC. | |
| Place of publication, distribution, etc. | Baltimore, |
| Name of publisher, distributor, etc. | J. Murphy & co., |
| Date of publication, distribution, etc. | 1893. |
| 300 ## - PHYSICAL DESCRIPTION | |
| Extent | 1 p. l.,207 p. |
| Other physical details | pl., fold. map. |
| 530 ## - ADDITIONAL PHYSICAL FORM AVAILABLE NOTE | |
| Additional physical form available note | Also available in digital form on the Internet Archive Web site. |
| 856 41 - ELECTRONIC LOCATION AND ACCESS | |
| Uniform Resource Identifier | <a href="http://hdl.loc.gov/loc.gdc/scd0001.00020424515">http://hdl.loc.gov/loc.gdc/scd0001.00020424515</a> |
No items available.